000
00299nam a2200133Ia 4500
100
_a
JASON/ A.
650
_a
Electrical Engineering
942
_c
BK
654
_a
Interior book
245
_a
Interior Decorating book
260
_b
Maymore Pub
_a
New York
_c
1981
082
_a
747
546
_a
ENGLISH
999
_c
27378
_d
27378